Southville International School and Colleges
Your cart is empty.
  • Cart
  • Lists
    Public lists Eva Luna New books Lux_list list_1
    Your lists Log in to create your own lists
  • Log in to your account
  • Your cookies
  • Search history
Southville International School and Colleges
  • Advanced search
  • Recent comments
  • Most popular
  • Libraries

Log in to your account

Log in with GOOGLE


If you do not have an external account, but do have a local account, you can still log in:

  1. Home
  2. MARC view: Incidents in the life of a slave girl /
Normal view MARC view ISBD view

Incidents in the life of a slave girl / (Record no. 33437)

[ view plain ]
MARC details
000 -LEADER
fixed length control field 01050nam a22003735a 4500
001 - CONTROL NUMBER
control field 13434966
003 - CONTROL NUMBER IDENTIFIER
control field OSt
005 - DATE AND TIME OF LATEST TRANSACTION
control field 20140310184259.0
008 - FIXED-LENGTH DATA ELEMENTS--GENERAL INFORMATION
fixed length control field 031215s2004 nju 000 0 eng
010 ## - LIBRARY OF CONGRESS CONTROL NUMBER
LC control number 2003116571
020 ## - INTERNATIONAL STANDARD BOOK NUMBER
International Standard Book Number 1591940265
035 ## - SYSTEM CONTROL NUMBER
System control number (DLC) 2003116571
040 ## - CATALOGING SOURCE
Original cataloging agency DLC
Transcribing agency DLC
042 ## - AUTHENTICATION CODE
Authentication code pcc
-- lcac
050 ## - LIBRARY OF CONGRESS CALL NUMBER
Classification number PZ 7
Item number .F631 2004
082 ## - DEWEY DECIMAL CLASSIFICATION NUMBER
Classification number GS 305.5
Item number F65 2004
100 1# - MAIN ENTRY--PERSONAL NAME
Personal name Jacobs, Harriet.
9 (RLIN) 21608
245 10 - TITLE STATEMENT
Title Incidents in the life of a slave girl /
Statement of responsibility, etc Harriet Jacobs.
260 ## - PUBLICATION, DISTRIBUTION, ETC. (IMPRINT)
Place of publication, distribution, etc West Berlin, NJ :
Name of publisher, distributor, etc Townsend Press,
Date of publication, distribution, etc 2004.
263 ## - PROJECTED PUBLICATION DATE
Projected publication date 0403
300 ## - PHYSICAL DESCRIPTION
Extent 24 p. :
Dimensions 20 cm.
Other physical details ill. ;
440 ## - SERIES STATEMENT/ADDED ENTRY--TITLE
Title The townsend library
9 (RLIN) 2892
521 ## - TARGET AUDIENCE NOTE
Target audience note
526 ## - STUDY PROGRAM INFORMATION NOTE
Reading level 250
650 ## - SUBJECT ADDED ENTRY--TOPICAL TERM
Topical term or geographic name as entry element Slaves History
General subdivision United States
-- Biography
-- History
9 (RLIN) 21609
650 ## - SUBJECT ADDED ENTRY--TOPICAL TERM
Topical term or geographic name as entry element Women slaves
General subdivision United States
-- Biography
9 (RLIN) 21610
906 ## - LOCAL DATA ELEMENT F, LDF (RLIN)
a 0
b ibc
c orignew
d 2
e epcn
f 20
g y-gencatlg
942 ## - ADDED ENTRY ELEMENTS (KOHA)
Source of classification or shelving scheme Library of Congress Classification
Koha item type
Holdings
Withdrawn status Lost status Source of classification or shelving scheme Damaged status Home library Current library Shelving location Date acquired Source of acquisition Total Checkouts Full call number Barcode Date last seen Copy number Price effective from Koha item type Public note Total Renewals Date checked out
    Library of Congress Classification   Luxembourg Library Luxembourg Library Scholastic Reading Center Section 10/02/2013 Donation   PZ 7 .F631 2004 LEX1594 04/18/2017 2 10/02/2013 Books Lost and Replaced    
    Library of Congress Classification   Luxembourg Library Luxembourg Library Scholastic Reading Center Section 10/02/2013     PZ 7 .F631 2004 LEX1593 04/18/2017 3 10/02/2013 Books      
    Library of Congress Classification   Luxembourg Library Luxembourg Library Scholastic Reading Center Section 10/02/2013   1 PZ 7 .F631 2004 LEX0976 08/25/2017 4 10/02/2013 Books   1 08/25/2017

Incidents in the life of a slave girl /

APA

Jacobs H., . (2004). Incidents in the life of a slave girl. West Berlin, NJ: Townsend Press.

Chicago

Jacobs Harriet, . 2004. Incidents in the life of a slave girl. West Berlin, NJ: Townsend Press.

Harvard

Jacobs H., . (2004). Incidents in the life of a slave girl. West Berlin, NJ: Townsend Press.

MLA

Jacobs Harriet, . Incidents in the life of a slave girl. West Berlin, NJ: Townsend Press. 2004.

  • Place hold
  • Print
  • Cite
  • Add to your cart (remove)
  • Save record
    BIBTEX Dublin Core MARCXML MARC (non-Unicode/MARC-8) MARC (Unicode/UTF-8) MARC (Unicode/UTF-8, Standard) MODS (XML) RIS
  • More searches
    Search for this title in:
    Other Libraries (WorldCat) Other Databases (Google Scholar) Online Stores (Bookfinder.com) Open Library (openlibrary.org)

Exporting to Dublin Core...

SOUTHVILLE LIBRARY

Southville International School and Colleges Library

1281 Tropical Ave. Cor. Luxembourg St., BF Homes International, Las Pinas City

Tel. No. 8256374 / 252358 Loc. 117/146

Powered by Koha